01767nam a2200301 i 4500003001000000005001700010007000300027008004100030020001800071040003500089041000800124043001200132082001600144100003000160245012900190250005800319264005200377300002500429336002900454337003300483338002800516504003800544520071300582521004301295650004201338650005701380650002801437CO-BoRNBP20250226102725.0ta231122s2023 ck |||er|||||000 0 spa|d a9789585499232 aCO-BoRNBPbspaerdacCO-BoRNBP0 aspa as-ck---04a155.5bP27a1 aPeralbo, Ángel, eautor10aAdolescentes. Tu hijo no es tu enemigobEdúcalos sin miedo para conseguir una relación sana y positiva/cÁngel Peralbo aEdición especial para el Ministerio de las Culturas 1aBogotá, ColombiabEdiciones Monserrate c2023 a229 páginasc23 cm atextobtxt2rdacontenido asin mediaciónbn2rdamedio avolumenbnc2rdasoporte aIncluye bibliografía e índice3 aCada día los padres tienen más miedo a la hora de educar a sus hijos adoles centes, y ello hace que uti- licen recursos que no son convenientes para la convi vencia: amenazas, críticas excesivas, castigos... Este libro del psicólogo Ángel Peralbo, autor del best seller El adolescente indomable, enseña precisamente a salir de ese círculo de temor y preocupación para lograr una rela- ción respetuosa y gratificante con los hijos. No se trata de permitirles todo, como en un cuento de hadas, pero sí de saber que no son nuestros enemigos y que es necesario comunicarse con ellos motivando reflexiones y acciones encaminadas a una mejor armonía en el hogar. (Tomado a partes del texto). aRecomendado para un público adulto 17aPsicología del adolescente 2ARMARC17aIdentidad (Psicología) en la adolescencia 2ARMARC17aPadres e hijos 2ARMARC